[Event "Veteran-SM"]
[Site "Lund"]
[Date "2010.07.10"]
[Round "8.4"]
[White "Hesselborn, Per-Ove"]
[Black "Wahlbom, Magnus"]
[Result "1/2-1/2"]
[WhiteElo "2309"]
[BlackElo "2288"]
[PlyCount "47"]
[EventDate "2010.07.03"]
[Source "Anders Hansen"]
[SourceDate "2010.07.03"]

1. e4 e6 2. d4 d5 3. Nc3 Nf6 4. e5 Nfd7 5. Nf3 c5 6. dxc5 Nc6 7. Bf4 Bxc5 8.
Bd3 f6 9. exf6 Qxf6 10. Bg5 Qf7 11. Bh4 h6 12. Qe2 O-O 13. Bg3 a6 14. O-O b5
15. Ne4 Qe7 16. Nxc5 Nxc5 17. Rfe1 Bd7 18. c3 Nxd3 19. Qxd3 Rf7 20. Re3 Qc5 21.
Rae1 Qc4 22. b3 Qc5 23. Ne5 Nxe5 24. Bxe5 1/2-1/2

[Event "Veteran-SM"]
[Site "Lund"]
[Date "2010.07.10"]
[Round "8.5"]
[White "Finnlaugsson, Gunnar"]
[Black "Nordström, Felix"]
[Result "1/2-1/2"]
[WhiteElo "2076"]
[BlackElo "2192"]
[PlyCount "40"]
[EventDate "2010.07.03"]
[Source "Anders Hansen"]
[SourceDate "2010.07.03"]

1. e4 e5 2. Nf3 Nc6 3. Bb5 a6 4. Ba4 d6 5. Bxc6+ bxc6 6. d4 exd4 7. Qxd4 c5 8.
Qd3 Ne7 9. b3 Ng6 10. O-O Be7 11. Bb2 O-O 12. c4 Bf6 13. Nc3 Re8 14. Rfe1 Bb7
15. Rad1 Ne5 16. Nxe5 Bxe5 17. Na4 Bxb2 18. Nxb2 Qf6 19. Na4 Qe6 20. f3 f6
1/2-1/2

[Event "Veteran-SM"]
[Site "Lund"]
[Date "2010.07.10"]
[Round "8.6"]
[White "Andersson, Kaj"]
[Black "Söderborg, Berndt"]
[Result "0-1"]
[WhiteElo "2098"]
[BlackElo "2115"]
[PlyCount "58"]
[EventDate "2010.07.03"]
[Source "Anders Hansen"]
[SourceDate "2010.07.03"]

1. d4 Nf6 2. c4 g6 3. Nc3 d5 4. cxd5 Nxd5 5. e4 Nxc3 6. bxc3 Bg7 7. Be3 c5 8.
Bc4 Nc6 9. Ne2 O-O 10. O-O Bg4 11. f3 cxd4 12. cxd4 Na5 13. Bd3 Be6 14. d5 Bxa1
15. Qxa1 f6 16. Bh6 Re8 17. g4 Bd7 18. g5 Rc8 19. e5 Bh3 20. Nf4 Bxf1 21. exf6
exf6 22. Kxf1 Qc7 23. Qxf6 Qc3 24. d6 Qxf6 25. gxf6 Rcd8 26. Bb5 Re5 27. Nh3
Rxb5 28. Ng5 Rxg5 29. Bxg5 Rxd6 0-1

[Event "Veteran-SM"]
[Site "Lund"]
[Date "2010.07.10"]
[Round "8.7"]
[White "Persson, Börje"]
[Black "Svensson, Sören"]
[Result "1/2-1/2"]
[WhiteElo "1969"]
[BlackElo "2121"]
[PlyCount "120"]
[EventDate "2010.07.03"]
[Source "Anders Hansen"]
[SourceDate "2010.07.03"]

1. e4 e5 2. Nf3 Nc6 3. Bb5 Nd4 4. Nxd4 exd4 5. O-O Bc5 6. d3 c6 7. Ba4 d6 8. f4
f5 9. Kh1 fxe4 10. dxe4 Nf6 11. Nd2 Bg4 12. Qe1 O-O 13. Bb3+ Kh8 14. Nf3 Bxf3
15. gxf3 d5 16. Bd2 Qd7 17. c4 dxe4 18. fxe4 Rae8 19. e5 Qf5 20. Bd1 Ng4 21.
Bxg4 Qxg4 22. b3 Re6 23. Qg3 Qf5 24. Qg2 Rfe8 25. b4 Bf8 26. b5 Qd3 27. bxc6
Rg6 28. Qf2 Qe4+ 29. Qf3 Qxf3+ 30. Rxf3 Rxc6 31. Rc1 Rec8 32. f5 Rxc4 33. Re1
h6 34. f6 Rc2 35. Bxh6 gxh6 36. e6 Rc1 37. Rff1 Rxe1 38. Rxe1 Be7 39. fxe7 Re8
40. Kg2 Rxe7 41. Kf3 Kg7 42. Re4 Kf6 43. Rh4 Kxe6 44. Ke4 Kd6+ 45. Kxd4 Re6 46.
Rh5 a6 47. a4 b6 48. Rd5+ Kc6 49. Rh5 Rf6 50. Kc4 b5+ 51. axb5+ axb5+ 52. Kb4
Rf4+ 53. Kb3 Kb6 54. Rxh6+ Ka5 55. Rh3 Rf2 56. Ka3 Rf1 57. Kb3 Rb1+ 58. Kc2 Rb4
59. Ra3+ Kb6 60. Rh3 Rc4+ 1/2-1/2

[Event "Veteran-SM"]
[Site "Lund"]
[Date "2010.07.11"]
[Round "9.1"]
[White "Halleröd, Ralph"]
[Black "Malmdin, Nils Åke"]
[Result "0-1"]
[WhiteElo "2122"]
[BlackElo "2297"]
[PlyCount "86"]
[EventDate "2010.07.03"]
[Source "Anders Hansen"]
[SourceDate "2010.07.03"]

1. d4 Nf6 2. c4 c5 3. e3 g6 4. Nc3 Bg7 5. g3 O-O 6. Bg2 Nc6 7. dxc5 Qa5 8. Nge2
Qxc5 9. b3 d5 10. Na4 Qa5+ 11. Bd2 Qd8 12. Bc3 dxc4 13. Qxd8 Nxd8 14. bxc4 Be6
15. Nb2 Rc8 16. Rc1 Bd7 17. O-O Bc6 18. Rfd1 Re8 19. Nf4 e6 20. Nfd3 Bxg2 21.
Kxg2 Nc6 22. f3 b6 23. g4 h6 24. e4 Nd7 25. Bxg7 Kxg7 26. c5 b5 27. a4 a6 28.
Rd2 Rc7 29. axb5 axb5 30. Nd1 Ra8 31. Rb2 Ra5 32. Nc3 b4 33. Nxb4 Nxb4 34. Rxb4
Raxc5 35. Rb3 Rc4 36. Rd1 Ne5 37. Ne2 Rc2 38. Kf1 Ra2 39. Rc1 Rxc1+ 40. Nxc1
Rxh2 41. Ne2 Kf6 42. Re3 Ke7 43. Kg1 Nxf3+ 0-1

[Event "Veteran-SM"]
[Site "Lund"]
[Date "2010.07.11"]
[Round "9.3"]
[White "Andersson, Gunnar"]
[Black "Marklund, Gunnar"]
[Result "1/2-1/2"]
[WhiteElo "2040"]
[BlackElo "2080"]
[PlyCount "139"]
[EventDate "2010.07.03"]
[Source "Anders Hansen"]
[SourceDate "2010.07.03"]

1. e4 e5 2. Nf3 Nc6 3. Bb5 d6 4. d4 exd4 5. Nxd4 Bd7 6. Bxc6 bxc6 7. Nc3 Be7 8.
O-O Bf6 9. Nde2 Ne7 10. Rb1 Ng6 11. f3 O-O 12. Be3 Re8 13. Qd2 a6 14. b3 Qb8
15. Rbd1 Qb4 16. Nd5 Qxd2 17. Nxf6+ gxf6 18. Bxd2 f5 19. Ng3 fxe4 20. Nxe4 Re6
21. Bc3 Rd8 22. Nf6+ Kf8 23. Nxh7+ Kg8 24. Nf6+ Kf8 25. Rfe1 Nf4 26. Kf2 Ke7
27. g3 Ng6 28. f4 Kf8 29. h4 Ne7 30. h5 Nf5 31. g4 Nh6 32. g5 Ng4+ 33. Nxg4
Rxe1 34. Rxe1 Bxg4 35. h6 Bf5 36. Bf6 Rc8 37. Rh1 Kg8 38. c3 d5 39. Re1 Be4 40.
Kg3 Kh7 41. Rf1 Bf5 42. Re1 Be4 43. Kg4 Re8 44. Kg3 Rc8 45. c4 Kg6 46. Re2 Rb8
47. f5+ Kh7 48. Kf4 Re8 49. Re3 Rb8 50. Kg4 Re8 51. Kh5 Rg8 52. Kg4 Re8 53. Kf4
Rc8 54. Bg7 Re8 55. g6+ fxg6 56. f6 g5+ 57. Kxg5 Re5+ 58. Kg4 Kg6 59. Kf4 Rf5+
60. Kg3 Rh5 61. cxd5 Bxd5 62. Re7 Rg5+ 63. Kf4 Rg2 64. Rxc7 Rxa2 65. Bf8 Rf2+
66. Ke5 Rf5+ 67. Kd4 Rxf6 68. Bg7 Rf7 69. Rc8 Rb7 70. Ra8 1/2-1/2

[Event "Veteran-SM"]
[Site "Lund"]
[Date "2010.07.11"]
[Round "9.4"]
[White "Wahlbom, Magnus"]
[Black "Eriksson, Bo H. T"]
[Result "1-0"]
[WhiteElo "2288"]
[BlackElo "2162"]
[PlyCount "101"]
[EventDate "2010.07.03"]
[Source "Anders Hansen"]
[SourceDate "2010.07.03"]

1. e4 c5 2. Nf3 d6 3. d4 cxd4 4. Nxd4 Nf6 5. Nc3 a6 6. Bg5 Qb6 7. Nb3 Nbd7 8.
Be2 e6 9. Qd2 Be7 10. g4 h6 11. Be3 Qc7 12. O-O-O b5 13. a3 Ne5 14. f3 Nc4 15.
Bxc4 bxc4 16. Nd4 Rb8 17. Qe2 Bd7 18. h4 g6 19. g5 Nh5 20. Qf2 O-O 21. Rdg1 Qb7
22. Nd1 c3 23. bxc3 Qb1+ 24. Kd2 Ba4 25. c4 Qa2 26. Nc3 Qxc4 27. Qe2 Qxe2+ 28.
Ndxe2 Bd7 29. gxh6 Rfc8 30. Rb1 Kh7 31. Rxb8 Rxb8 32. Nf4 Ng3 33. Rg1 Bxh4 34.
Bf2 Nf5 35. Ba7 Rb7 36. exf5 Rxa7 37. fxg6+ fxg6 38. Nxg6 Bf2 39. Nf8+ Kxh6 40.
Rg6+ Kh5 41. Ne4 Bd4 42. Ng3+ Kh4 43. Rg4+ Kh3 44. Rxd4 Kxg3 45. Rg4+ Kxf3 46.
Rg7 Ra8 47. Nxd7 e5 48. Rg6 Rh8 49. Rf6+ Ke4 50. Rxd6 Rh2+ 51. Kc3 1-0

[Event "Veteran-SM"]
[Site "Lund"]
[Date "2010.07.11"]
[Round "9.6"]
[White "Nordström, Felix"]
[Black "Andersson, Sven-Olof"]
[Result "1-0"]
[WhiteElo "2192"]
[BlackElo "2057"]
[PlyCount "47"]
[EventDate "2010.07.03"]
[Source "Anders Hansen"]
[SourceDate "2010.07.03"]

1. e4 c5 2. Nf3 e6 3. d4 cxd4 4. Nxd4 a6 5. c4 Qc7 6. Nc3 Nc6 7. Be3 Nf6 8. Rc1
Bb4 9. f3 h5 10. a3 Bd6 11. Ndb5 axb5 12. Nxb5 Bg3+ 13. hxg3 Qxg3+ 14. Bf2 Qe5
15. Be2 Kf8 16. Qd2 d5 17. Bc5+ Kg8 18. Bd6 Nxe4 19. fxe4 Qxe4 20. O-O Ne5 21.
Nc3 Nxc4 22. Nxe4 Nxd2 23. Nxd2 Bd7 24. Rc7 1-0

[Event "Veteran-SM"]
[Site "Lund"]
[Date "2010.07.11"]
[Round "9.7"]
[White "Persson, Börje"]
[Black "Hesselborn, Per-Ove"]
[Result "0-1"]
[WhiteElo "1969"]
[BlackElo "2309"]
[PlyCount "34"]
[EventDate "2010.07.03"]
[Source "Anders Hansen"]
[SourceDate "2010.07.03"]

1. e4 g6 2. d4 Bg7 3. Nc3 d6 4. Nf3 {Jag tycker att vit borde spela med
antingen c4 eller f4 mot modernt. Om man endast går fram med två bönder, som
Persson gör i partiet, så kan det vara svårt att hitta en plan efter att
pjäserna är utvecklade.} Nf6 5. Be2 O-O 6. O-O Nc6 7. h3 e5 8. dxe5 ({
Ska vit kämpa om fördel ska man nog spela} 8. d5) 8... dxe5 9. Qxd8 Rxd8 10.
Bg5 Be6 {Garderar upp d5-fältet.} 11. a3 $6 (11. Rfd1 {är mest naturligt.})
11... h6 12. Be3 Nd4 $1 {
Hesselborn tar chansen att hoppa in på d4 innan vit opponerat på d-linjen.} 13.
Bxd4 exd4 14. Nb5 {Diagram #} Ne8 $1 {
Öppnar för fianchettolöparen och sätter springaren på b5 i trubbel.} 15. a4 a6
16. Na3 d3 $1 {Svart vinner.} 17. Bxd3 Bxb2 0-1

[Event "Veteran-SM"]
[Site "Lund"]
[Date "2010.07.11"]
[Round "9.8"]
[White "Svensson, Sören"]
[Black "Gummesson, Ingvar"]
[Result "1-0"]
[WhiteElo "2121"]
[BlackElo "1983"]
[PlyCount "87"]
[EventDate "2010.07.03"]
[Source "Anders Hansen"]
[SourceDate "2010.07.03"]

1. d4 Nf6 2. c4 g6 3. Nc3 Bg7 4. e4 d6 5. Be2 O-O 6. Bg5 Nbd7 7. Qd2 c6 8. g4
Re8 9. h4 Nb6 10. f3 h5 11. Bxf6 Bxf6 12. gxh5 e5 13. hxg6 Bxh4+ 14. Kd1 Bg5
15. f4 Bxf4 16. gxf7+ Kxf7 17. Bh5+ Kf6 18. Qf2 Rh8 19. Nge2 Bg4 20. Qh4+ Bg5
21. Qxg4 Rh7 22. Rg1 Qg8 23. Qf5+ Ke7 24. Rxg5 Rg7 25. Rxg7+ Qxg7 26. Qg6 Qxg6
27. Bxg6 Rg8 28. Bf5 exd4 29. Kc2 dxc3 30. Kxc3 Rg2 31. Re1 Rf2 32. b3 Rf3+ 33.
Kd2 Nd7 34. Bxd7 Kxd7 35. Rg1 Rf7 36. Ke3 Re7 37. Nf4 b6 38. Nh5 a6 39. Rg7
Rxg7 40. Nxg7 b5 41. Kd4 bxc4 42. bxc4 Ke7 43. c5 dxc5+ 44. Kxc5 1-0